Languages: Countries from Czech to English - Statistics

General Stats
  • This quiz has been taken 238 times
  • The average score is 14 of 16
Answer Stats
Country in Italian And in English % Correct
Severní Korea North Korea
99%
Polsko Poland
99%
Španělsko Spain
99%
Finsko Finland
98%
Slovensko Slovakia
97%
Jižní Súdán South Sudan
97%
Turecko Turkey
97%
Srbsko Serbia
96%
Spojené státy United States
95%
dánština Denmark
93%
Spojené království United Kingdom
93%
Německo Germany
88%
Filipíny Philippines
86%
Švýcarsko Switzerland
76%
Maďarsko Hungary
74%
Rakousko Austria
60%
No matching quizzes found
Score Distribution
Percent of People with Each Score
Percentile by Number Answered
Your Score History
You have not taken this quiz